| 000 | 00592ntm a22002417a 4500 | ||
|---|---|---|---|
| 005 | 20250526152335.0 | ||
| 008 | 181219b xxu||||| |||| 00| 0 spa d | ||
| 020 | _a9788494344954 | ||
| 041 | _aESP | ||
| 082 | _a895.6 A313m | ||
| 100 |
_aAkagawa, Jirō _951363 |
||
| 245 | _aLos misterios de la gata Holmes | ||
| 260 | _aEspaña | ||
| 260 | _bQuaterni | ||
| 260 | _c2016 | ||
| 300 | _a246 páginas | ||
| 440 | _aLos misterios de la gata Holmes | ||
| 650 | _aLITERATURA JAPONESA | ||
| 650 | _aCUENTOS JAPONESES | ||
| 650 | _aMISTERIO | ||
| 650 | _aCOMEDIA | ||
| 942 |
_cLIT _2ddc |
||
| 999 |
_c11465 _d11465 |
||